Jak dobrze znasz - Lil Peep - Statystyki

Ogólne statystyki
  • Ten quiz został rozwiązany 118 razy
  • Średni wynik to 3 z 7
Statystyki odpowiedzi
Hint Odpowiedź % Poprawnych
Wino White wine
72%
Najpopularniejsza Star Shopping
71%
Dziewiętnaście nineteen
63%
Najpopularniejszy teledysk Save That Shit
48%
Jasna strona The Brightside
48%
Miłośc do Emmy Teen Romance
17%
Ostatnia noc last nite
12%
Nie znaleziono quizów pasujących do podanych kryteriów
Rozkład punktacji
Procent ludzi z każdym wynikiem
Percentyl według liczby udzielonych odpowiedzi
Twoja historia wyników
Nie rozwiązałeś tego quizu